[Event "HUN-chT2 Szechenyi 1415"]
[Site "Hungary"]
[Date "2015.02.08"]
[Round "8.5"]
[White "Suket, Ferenc Jr"]
[Black "Mihalyfi, Gabor"]
[Result "0-1"]
[WhiteElo "1900"]
[BlackElo "1996"]
[PlyCount "86"]
[EventDate "2014.09.07"]
[EventType "team-tourn"]
[EventRounds "11"]
[EventCountry "HUN"]
[SourceTitle "EXT 2016"]
[Source "ChessBase"]
[SourceDate "2015.10.08"]
[SourceVersion "1"]
[SourceVersionDate "2015.10.08"]
[SourceQuality "1"]
[WhiteTeam "Keszthely"]
[BlackTeam "Ajka Banyasz"]
[WhiteTeamCountry "HUN"]
[BlackTeamCountry "HUN"]

1. e4 c5 2. Nc3 g6 3. d3 Bg7 4. Be3 d6 5. f4 Nc6 6. Nf3 Nf6 7. h3 a6 8. Qd2 b5 9. a3 0-0 10. Be2 Qa5 11. 0-0 Qc7 12. Rab1 e6 13. Nh2 Nd4 14. Bd1 Nd7 15. Ne2 Bb7 16. c3 Nxe2+ 17. Bxe2 c4 18. Rbd1 Nc5 19. Bxc5 Qxc5+ 20. d4 Qb6 21. Bf3 e5 22. fxe5 dxe5 23. Kh1 exd4 24. cxd4 h5 25. e5 Rad8 26. Qf4 Bd5 27. Bxd5 Rxd5 28. Nf3 Qd8 29. Rde1 Qd7 30. Qe4 Re8 31. Qc2 Bh6 32. Qe4 a5 33. Qc2 Qe6 34. b3 Rc8 35. bxc4 bxc4 36. Qc3 Rb5 37. Rb1 Rcb8 38. Rxb5 Rxb5 39. Nd2 Bxd2 40. Qxd2 Qd5 41. Rf6 Rb3 42. Rd6 Qe4 43. Qh6 Rxh3+ 0-1